Movie Quotes A-Z #1 - Statistics

General Stats
  • This quiz has been taken 40,792 times
    31,860 since last reset
  • The average score is 13 of 26
Answer Stats
Quote Movie % Correct
L Hakuna Matata Lion King
95%
G Who you gonna call? Ghostbusters
91%
P I'm a real boy! Pinocchio
87%
T Hasta la vista, baby Terminator 2
84%
A Shagadelic Austin Powers
70%
M Chim chiminy Mary Poppins
70%
B That'll do, pig Babe
67%
X Welcome to Mutant High X-Men
66%
H Keep the change, ya filthy animal Home Alone
65%
F Stupid is as stupid does Forrest Gump
61%
C That's not a knife Crocodile Dundee
55%
U Squirrel! Up
53%
S I want to play a game Saw
52%
D Well, do ya, punk? Dirty Harry
50%
E Elliot, where's your goblin? E.T.
44%
J Life, uh, finds a way Jurassic Park
43%
W Eeeee...va? WALL-E
43%
I You have chosen... wisely Indiana Jones and the Last Crusade
39%
Z Hansel... so hot right now Zoolander
39%
K It's not a too-mah Kindergarten Cop
33%
V This visage, no mere veneer of vanity, is a vestige of the vox populi V for Vendetta
29%
N Whatever I feel like I wanna do, gosh! Napoleon Dynamite
26%
R I ain't no bum, Mick Rocky
26%
Y Nothing is Beatle proof! Yellow Submarine
24%
O You're my boy, Blue! Old School
19%
Q They gave me the answers Quiz Show
13%
No matching quizzes found
Score Distribution
Percent of People with Each Score
Percentile by Number Answered
Your Score History
You have not taken this quiz since the last reset